Library Header

Introduction to Sankara's theory of knowlege (Record no. 16019)

MARC details
000 -LEADER
fixed length control field 00409nam a2200145 4500
082 ## - DEWEY DECIMAL CLASSIFICATION NUMBER
Classification number 181.481
Item number DEV
100 ## - MAIN ENTRY--PERSONAL NAME
Personal name Deveraja, N. K.
245 ## - TITLE STATEMENT
Title Introduction to Sankara's theory of knowlege
Statement of responsibility, etc. by N. K. Deveraja
250 ## - EDITION STATEMENT
Edition statement 2nd ed.
260 ## - PUBLICATION, DISTRIBUTION, ETC.
Place of publication, distribution, etc. Delhi
Name of publisher, distributor, etc. Motilal Banarasidas
Date of publication, distribution, etc. 1972
300 ## - PHYSICAL DESCRIPTION
Extent xiv,216p.; 22cm.
650 ## - SUBJECT ADDED ENTRY--TOPICAL TERM
Topical term or geographic name entry element Vedanta
650 ## - SUBJECT ADDED ENTRY--TOPICAL TERM
Topical term or geographic name entry element Knowledge,theory of
650 ## - SUBJECT ADDED ENTRY--TOPICAL TERM
Topical term or geographic name entry element Sankara's theory of knowlege
Holdings
Withdrawn status Lost status Source of classification or shelving scheme Damaged status Not for loan Collection code Home library Current library Date acquired Total Checkouts Full call number Barcode Date last seen Date last checked out Copy number Price effective from Koha item type
    Dewey Decimal Classification     RELIGION & PHILOSOPHY North Eastern Hill University North Eastern Hill University 24/11/2011 2 181.481 DEV 12659 15/06/2015 08/06/2015 ,1 24/11/2011 Course Books
          RELIGION & PHILOSOPHY North Eastern Hill University North Eastern Hill University 24/11/2011   181.481 DEV 12658 24/11/2011   ,1;1 24/11/2011 Books